000 00285nam a22001097a 4500
082 _a621 MUD'E
100 _aMUDGE, I. W,ROMNEY, G. C
_957246
245 _aENGINEERING SCENCE FOR MECHANICAL ENGINEERING TECHNICIANS PART-I
250 _aV-1
260 _aLONDON
_bEUP
_c1963
942 _cBK
999 _c567537
_d567537